Las bases de la nación fuente de virtudes ciudadanas / (Registro nro. 7121)

Detalles MARC
000 -LIDER
fixed length control field 01737nam a2200421 a 4500
001 - NÚMERO DE CONTROL
Identificador de número de control 000038090
003 - IDENTIFICACDOR DE NÚMERO DE CONTROL
control field 000038090
005 - DATE AND TIME OF LATEST TRANSACTION
control field 20171010125503.0
008 - ELEMENTOS DE LONGITUD FIJA
fixed length control field 130313s2008 dr a 001 0dspa d
020 ## - ISBN
Canceled/invalid ISBN 9789945061914
040 ## - FUENTE DE CATALOGACIÓN
Agencia que crea de manera original el registro BPMSU
Idioma de catalogación spa
Agencia que realiza la transcripción BPMSU
049 ## - LOCAL HOLDINGS (OCLC)
Holding library BNPD
082 #4 - NÚMERO DE CLASIFICACIÓN DECIMAL DE DEWEY
Classification number 972.93
Item number B622b, 2008
100 1# - ASIENTO PRINCIPAL -- NOMBRE PERSONAL
Nombre personal Bisonó Haza, Víctor Orlando,
Fechas asociadas con el nombre 1963-
Forma completa del nombre
245 14 - MENCIÓN DE TITULO
Título Las bases de la nación fuente de virtudes ciudadanas /
Mención de responsabilidad Víctor Orlando Bisonó Haza, Ito Bisonó
250 ## - MENCIÓN DE EDICION
Mención de edición 3ª ed.
260 ## - PUBLICACIÓN, DISTRIBUCIÓN, ETC. (PIE DE IMPRENTA)
Lugar de publicación, distribución, etc Santo Domingo :
Nombre del editor, distribuidor, etc. Seguros Pepín ,
Fecha de publicación, distribución, etc 2008.
300 ## - DESCRIPCIÓN FÍSICA
Extensión 182 p. :
Otros detalles físicos il.,
Dimensiones 21 cm.
505 0# - NOTA DE CONTENIDO
Información miscelánea Prólogo /
Mención de responsabilidad Juan Sully Bonelly --
Título Símbolos patrios --
-- Los padres de la patria --
-- La Constitución --
-- Los restauradores --
-- Idearios --
-- Más muestras de patriotismo --
-- Conclusiones --
Información miscelánea Anexos --
-- Bibliografía.
650 #4 - ENCABEZAMIENTO DE MATERIA--TEMÁTICO
Término temático o nombre geográfico como elemento de entrada IDENTIDAD NACIONAL
Subdivisión geográfica REPÚBLICA DOMINICANA
650 #4 - ENCABEZAMIENTO DE MATERIA--TEMÁTICO
Término temático o nombre geográfico como elemento de entrada NACIONALISMO Y CULTURA
651 #4 - ENCABEZAMIENTO DE MATERIA--NOMBRE GEOGRÁFICO
Nombre geográfico REPÚBLICA DOMINICANA
Subdivisión temática general CARACTERÍSTICAS NACIONALES
651 #4 - ENCABEZAMIENTO DE MATERIA--NOMBRE GEOGRÁFICO
Nombre geográfico REPÚBLICA DOMINICANA
Subdivisión temática general HISTORIA
700 ## - ASIENTO SECUNDARIO -- NOMBRE PERSONAL
Término de relación Bisono, Ito
910 ## - VALIDACIÓN
Validación Validado. Control de calidad EMS
930 #1 - EQUIVALENCE OR CROSS-REFERENCE-UNIFORM TITLE HEADING [LOCAL, CANADA]
Language of a work BND01
Medium of performance for music LF1
Field link and sequence number 20130313
Date of a work 04
Name of part/section of a work HD
Miscellaneous information 35590
Medium e. 3
930 #1 - EQUIVALENCE OR CROSS-REFERENCE-UNIFORM TITLE HEADING [LOCAL, CANADA]
Language of a work BND01
Medium of performance for music LF1
Field link and sequence number 20130313
Date of a work 04
Name of part/section of a work MI
Miscellaneous information 35590
Medium e. 4
930 #1 - EQUIVALENCE OR CROSS-REFERENCE-UNIFORM TITLE HEADING [LOCAL, CANADA]
Language of a work BND01
Medium of performance for music LF1
Field link and sequence number 20130313
Date of a work 04
Name of part/section of a work MI
Miscellaneous information 35590
Medium e. 5
930 #1 - EQUIVALENCE OR CROSS-REFERENCE-UNIFORM TITLE HEADING [LOCAL, CANADA]
Language of a work BND01
Medium of performance for music LF1
Medium 972.93
Field link and sequence number 20130313
Date of a work 01
Name of part/section of a work HD
Miscellaneous information 35590
930 #1 - EQUIVALENCE OR CROSS-REFERENCE-UNIFORM TITLE HEADING [LOCAL, CANADA]
Language of a work BND01
Medium of performance for music LF1
Medium 972.93
Field link and sequence number 20130313
Date of a work 01
Name of part/section of a work HD
Miscellaneous information 35590
Medium e. 2
942 ## - ADDED ENTRY ELEMENTS (KOHA)
Source of classification or shelving scheme Dewey Decimal Classification
Koha item type Archivos digitales
945 ## - INFORMACIÓN DE PROCESAMIENTO LOCAL
Información de procesamiento local Inventariado, 2017/MFF
956 ## - LOCAL ELECTRONIC LOCATION AND ACCESS (OCLC)
Nombre de host DGARCIA
Número de acceso 10
Información de compresión 20130313
Inicio de sesión BND01
Procesador de solicitud 1027
956 ## - LOCAL ELECTRONIC LOCATION AND ACCESS (OCLC)
Nombre de host DGARCIA
Número de acceso 10
Información de compresión 20130313
Inicio de sesión BND01
Procesador de solicitud 1027
956 ## - LOCAL ELECTRONIC LOCATION AND ACCESS (OCLC)
Nombre de host KLANTIGUA
Número de acceso 10
Información de compresión 20130314
Inicio de sesión BND01
Procesador de solicitud 1358
956 ## - LOCAL ELECTRONIC LOCATION AND ACCESS (OCLC)
Nombre de host EMARRERO
Número de acceso 40
Información de compresión 20130818
Inicio de sesión BND01
Procesador de solicitud 2311
956 ## - LOCAL ELECTRONIC LOCATION AND ACCESS (OCLC)
Nombre de host EMARRERO
Número de acceso 40
Información de compresión 20130818
Inicio de sesión BND01
Procesador de solicitud 2315
Existencias
Withdrawn status Lost status Source of classification or shelving scheme Damaged status Not for loan Collection code Home library Current library Date acquired Total Checkouts Full call number Barcode Date last seen Price effective from Koha item type
    Dewey Decimal Classification     Colección Dominicana Biblioteca Pública Metropolitana Salomé Ureña Biblioteca Pública Metropolitana Salomé Ureña 07/09/2014   RD972.93 B622b 2008 BPMSU15040512 07/09/2014 07/09/2014 Libros